01825nam a2200361 a 4500001001000000003000900010005001700019007000300036008004100039040002500080041001300105082002000118110005600138240001900194245006900213260003500282300003500317590002600352650002600378650003700404650003100441710005700472710010500529910003800634942001400672952013300686952013300819952013300952952011801085952012401203952011901327999001701446000017055DO-SdBNP20250607073643.0ta100316s1994 dr ac r 000 0 spa d aDO-SdBNPbspacBNPHU17aspaheng 4a613.0432bF673p1 aFondo de las Naciones Unidas para la Infancia9927010aFacts for life10aPara la vida, versión dominicana :bun reto de comunicación. aSanto Domingo :bGente,c1994. a102 p. :bil., retrs ;c24 cm. aInventariado, 2018/BT 4aSalud infantil937630 4aNiñosxCuidado e higiene91754 4aMedicina preventiva9200412 aOrganización Panamericana de la Salud (OPS)9376311 aRepública Dominicana. b Secretaria de Estado de Salud Pública y Asistencia Social (2001)956549 aValidado. Control de calidad. EMS 2ddccLBS1 001054708DSaGRbGRcHDd2010-03-16iLF1l0o613.0432 F673pp17055-30r2020-06-25te. 3w2020-06-25yLFDSZPréstamo en sala 001054708DSaGRbGRcHDd2011-03-03iLF1l0o613.0432 F673pp17055-40r2020-06-25te. 4w2020-06-25yLFDSZPréstamo en sala 001054708DSaGRbGRcHDd2011-03-09iLF1l0o613.0432 F673pp17055-50r2020-06-25te. 5w2020-06-25yLFDSZPréstamo en sala 0010718PDaPDbPDcHDd2010-03-16iLF1l0o613.0432 F673pp17055-10r2020-06-25w2020-06-25yLFPDZNo se presta 0010718PDaPDbPDcHDd2010-03-16iLF1l0o613.0432 F673pp17055-20r2020-06-25te. 2w2020-06-25yLFPDZNo se presta 00107-18PDaPDbPDcOId2010-03-16iLF1l0o613.0432 F673pp17056-10r2020-06-25w2020-06-25yLFPDZNo se presta c16581d16581